| 000 | 00576nam a2200181Ia 4500 | ||
|---|---|---|---|
| 003 | GCL | ||
| 005 | 20240530103904.0 | ||
| 008 | 140319s9999 xx 000 0 ara d | ||
| 040 |
_aGCL / _cGCL |
||
| 082 | 0 | 4 |
_a355.33 _bر ق |
| 100 | 1 | _aرياض الاشقر | |
| 245 | 1 | 0 |
_aقيادة الجيش الاسرائيلى من 1960 الى 1987 / _cرياض الاشقر |
| 260 |
_a[S.N] : _bمؤسسة الدراسات الفلسطينية ، _c1988 |
||
| 300 | _a223 ص | ||
| 650 | 0 | 4 | _aالجيش الاسرائيلى |
| 650 | 0 | 4 | _aقيادة الجيوش |
| 942 |
_2ddc _cBK |
||
| 999 |
_c43242 _d43242 |
||